[Event "Deutsche Ländermeisterschaft 2024"]
[Site "Tübingen GER"]
[Date "2024.10.06"]
[Round "7"]
[White "Rafikova, Ailin"]
[Black "Tu, Audrey"]
[Result "0-1"]
[Termination "normal"]
[Board "7.7"]
[WhiteElo "1707"]
[BlackElo "1722"]
[WhiteClock "00:01:50"]
[BlackClock "00:07:21"]
[WhiteTeam "Baden"]
[BlackTeam "Württemberg"]
[PlyCount "80"]
[WhiteFideId "34612173"]
[BlackFideId "34628568"]
[EventCountry "GER"]
[EventRounds "7"]
[EventType "team-swiss"]
[EventDate "2024.10.02"]

1. e4 {[%clk 01:30:59]} e5 {[%clk 01:30:55]} 2. Nf3 {[%clk 01:31:23]} Nc6
{[%clk 01:31:22]} 3. Bb5 {[%clk 01:31:37]} a6 {[%clk 01:31:48]} 4. Bxc6 dxc6
{[%clk 01:32:13]} 5. O-O {[%clk 01:32:01]} f6 {[%clk 01:32:29]} 6. d4 exd4
{[%clk 01:32:52]} 7. Nxd4 {[%clk 01:32:15]} c5 {[%clk 01:32:39]} 8. Nb3 {[%clk
01:32:16]} Qxd1 {[%clk 01:32:57]} 9. Rxd1 {[%clk 01:32:40]} Bd7 {[%clk
01:33:14]} 10. Bf4 {[%clk 01:31:06]} {[%emt 00:00:19]} O-O-O {[%clk 01:31:26]}
{[%emt 00:02:20]} 11. Nc3 {[%clk 01:28:26]} {[%emt 00:03:09]} Re8 {[%clk
01:15:07]} {[%emt 00:16:49]} 12. f3 {[%clk 01:23:25]} {[%emt 00:05:31]} g5
{[%clk 01:09:53]} {[%emt 00:05:44]} 13. Bg3 {[%clk 01:20:57]} {[%emt 00:02:57]}
f5 {[%clk 01:08:20]} {[%emt 00:02:04]} 14. Rd2 {[%clk 01:09:19]} {[%emt
00:12:08]} f4 {[%clk 01:06:42]} {[%emt 00:02:08]} 15. Bf2 {[%clk 01:09:22]}
{[%emt 00:00:27]} b6 {[%clk 01:06:10]} {[%emt 00:01:03]} 16. Rad1 {[%clk
01:06:26]} {[%emt 00:03:25]} Be6 {[%clk 01:02:03]} {[%emt 00:04:37]} 17. Ne2
{[%clk 00:58:51]} {[%emt 00:08:05]} Bg7 {[%clk 01:01:15]} {[%emt 00:01:18]} 18.
c3 {[%clk 00:57:53]} {[%emt 00:01:27]} Ne7 {[%clk 00:58:11]} {[%emt 00:03:34]}
19. Nbc1 {[%clk 00:49:19]} {[%emt 00:09:04]} Ng6 {[%clk 00:54:36]} {[%emt
00:04:05]} 20. b4 {[%clk 00:39:37]} {[%emt 00:10:12]} g4 {[%clk 00:41:55]}
{[%emt 00:13:11]} 21. bxc5 {[%clk 00:32:32]} {[%emt 00:07:35]} gxf3 {[%clk
00:40:46]} {[%emt 00:01:39]} 22. Nd4 {[%clk 00:28:28]} {[%emt 00:04:35]} Bg4
{[%clk 00:26:10]} {[%emt 00:15:06]} 23. h3 {[%clk 00:21:18]} {[%emt 00:07:39]}
Bh5 {[%clk 00:22:02]} {[%emt 00:04:39]} 24. Nf5 {[%clk 00:17:26]} {[%emt
00:04:21]} Bxc3 {[%clk 00:21:31]} {[%emt 00:01:01]} 25. Rc2 {[%clk 00:16:59]}
{[%emt 00:00:57]} fxg2 {[%clk 00:19:23]} {[%emt 00:02:38]} 26. Rd3 {[%clk
00:16:09]} {[%emt 00:01:20]} Be5 {[%clk 00:16:45]} {[%emt 00:03:09]} 27. cxb6
{[%clk 00:15:22]} {[%emt 00:01:17]} Rd8 {[%clk 00:15:23]} {[%emt 00:01:52]} 28.
Rcd2 {[%clk 00:12:52]} {[%emt 00:03:00]} Rxd3 {[%clk 00:15:08]} {[%emt
00:00:45]} 29. Rxd3 {[%clk 00:11:57]} {[%emt 00:01:25]} f3 {[%clk 00:14:03]}
{[%emt 00:01:35]} 30. Be3 {[%clk 00:05:31]} {[%emt 00:06:55]} cxb6 {[%clk
00:10:34]} {[%emt 00:04:00]} 31. Nb3 {[%clk 00:02:25]} {[%emt 00:03:36]} Rd8
{[%clk 00:10:08]} {[%emt 00:00:56]} 32. Rxd8+ {[%clk 00:02:01]} {[%emt
00:00:54]} Kxd8 {[%clk 00:10:28]} {[%emt 00:00:10]} 33. Bxb6+ {[%clk 00:02:13]}
{[%emt 00:00:17]} Kd7 {[%clk 00:10:16]} {[%emt 00:00:43]} 34. Nbd4 {[%clk
00:01:00]} {[%emt 00:01:43]} Nf4 {[%clk 00:09:50]} {[%emt 00:00:56]} 35. Nxf3
{[%clk 00:00:49]} {[%emt 00:00:40]} Bxf3 {[%clk 00:09:37]} {[%emt 00:00:44]}
36. Kf2 {[%clk 00:01:03]} {[%emt 00:00:17]} Bxe4 {[%clk 00:08:07]} {[%emt
00:02:00]} 37. Nh4 {[%clk 00:00:51]} {[%emt 00:00:42]} Nxh3+ {[%clk 00:08:08]}
{[%emt 00:00:28]} 38. Ke2 {[%clk 00:01:06]} {[%emt 00:00:15]} g1=Q {[%clk
00:08:06]} {[%emt 00:00:32]} 39. Bxg1 {[%clk 00:01:25]} {[%emt 00:00:11]} Nxg1+
{[%clk 00:08:31]} {[%emt 00:00:06]} 40. Ke3 {[%clk 00:01:50]} {[%emt 00:00:04]}
Bf6 {[%clk 00:07:21]} {[%emt 00:01:38]} 0-1